000 02173cam a22003614a 4500
001 13701768
003 ARRUPE
005 20131211164350.0
008 040827s2005 enk b 001 0 eng
010 _a 2004020376
020 _a0521819741 (hardback)
020 _a0521525780 (pbk.)
040 _aDLC
_cDLC
_dDLC
042 _apcc
050 0 0 _aBM755.M6
_bC36 2005
082 0 0 _a181/.06
_222
245 0 4 _aThe Cambridge companion to Maimonides /
_cedited by Kenneth Seeskin.
260 _aCambridge ;
_aNew York :
_bCambridge University Press,
_c2005.
300 _axv, 406 p. ;
_c24 cm.
440 0 _aCambridge companions to philosophy
_95539
504 _aIncludes bibliographical references (p. 361-389) and index.
505 0 _aMoses Maimonides : an intellectual portrait / Joel L. Kraemer -- The Guide and Maimonides' philosophical sources / Alfred L. Ivry -- Metaphysics and its transcendence / Kenneth Seeskin -- Maimonides' epistemology / Josef Stern -- Maimonides' philosophy of sciences / Gad Freudenthal -- Maimonides' moral theory / David Shatz -- Maimonides' political philosophy / Haim Kreisel -- Jurisprudence / David Novak -- Bible commentary / Sara Klein-Braslavy -- Spiritual life / Menachem Kellner -- Maimonides : esotericism and educational philosophy / Aviezer Ravitzky -- Maimonides : a guide for posterity / Seymour Feldman.
600 1 0 _aMaimonides, Moses,
_d1135-1204.
_95540
600 1 0 _aMaimonides, Moses,
_d1135-1204
_xTeachings.
_95541
650 0 _aJewish philosophy.
_95542
700 1 _aSeeskin, Kenneth,
_d1947-
_95543
856 4 1 _3Table of contents only
_uhttp://www.loc.gov/catdir/toc/ecip0422/2004020376.html
856 4 2 _3Publisher description
_uhttp://www.loc.gov/catdir/enhancements/fy0632/2004020376-d.html
856 4 2 _3Contributor biographical information
_uhttp://www.loc.gov/catdir/enhancements/fy0732/2004020376-b.html
906 _a7
_bcbc
_corignew
_d1
_eecip
_f20
_gy-gencatlg
942 _2lcc
_cMONOGRAPH
999 _c119216
_d119216